000 00936cab a2200265 4500
001 WB2845-09
008 090401t1992 xxu||||| |||| 00| 0 eng d
035 _a(Sirsi) u63458
041 _aeng
245 _aLong term oversupply of offices
260 _c1992
350 _a0
490 _aEstates Times
_v(1167) 13 November 1992, 4(1)
520 _aAs more developers seek to convert empty office developments into residential accommodation, APR confirms the oversupply of offices with figures that show the total available office space in central London would supply a peak demand for six years with no new construction.
650 _aAPPLIED PROPERTY RESEARCH
650 _aCONVERSION
650 _aFLATS
650 _aLONDON
650 _aOFFICE SPACE
650 _aOFFICES
650 _aSUPPLY AND DEMAND
690 _aPROPERTY-COMMERCIAL PROPERTY-COMMERCIAL PROPERTY MARKET
942 _n0
948 _c04/03/1997
999 _c39441
_d39441